Central Library OPAC University of Rajshahi

William Dunbar / (Record no. 63137)

MARC details
000 -LEADER
fixed length control field 00877nam a2200277 a 4500
001 - CONTROL NUMBER
control field 63137
003 - CONTROL NUMBER IDENTIFIER
rucl marc code BD-RjUL
005 - DATE AND TIME OF LATEST TRANSACTION
control field 20211209081149.0
008 - FIXED-LENGTH DATA ELEMENTS--GENERAL INFORMATION
fixed length control field 170128s1979 mau b 001 0 eng d
020 ## - INTERNATIONAL STANDARD BOOK NUMBER
International Standard Book Number 0805767509
035 ## - SYSTEM CONTROL NUMBER
System control number (BD-RjUL)63265
040 ## - CATALOGING SOURCE
Original cataloging agency BD-RjUL
Transcribing agency BD-RjUL
Modifying agency BD-RjUL
Language of cataloging eng
041 ## - LANGUAGE CODE
Language code of text/sound track or separate title eng
082 00 - DEWEY DECIMAL CLASSIFICATION NUMBER
Classification number 821.2
Edition number 23
Author mark and year REW 1979
100 1# - MAIN ENTRY--PERSONAL NAME
Personal name Reiss, Edmund.
9 (RLIN) 187862
245 00 - TITLE STATEMENT
Title William Dunbar /
Statement of responsibility, etc. by Edmund Reiss.
260 ## - PUBLICATION, DISTRIBUTION, ETC. (IMPRINT)
Place of publication, distribution, etc. Boston :
Name of publisher, distributor, etc. Twayne Publishers,
Date of publication, distribution, etc. 1979.
300 ## - PHYSICAL DESCRIPTION
Pagination 183 p. ;
Size 21 cm.
490 0# - SERIES STATEMENT
Series statement Twayne's English authors series ; TEAS 257
504 ## - BIBLIOGRAPHY, ETC. NOTE
Bibliography, etc Includes bibliography and index.
600 10 - SUBJECT ADDED ENTRY--PERSONAL NAME
Personal name Dunbar, William,
Dates associated with a name 1460?-1520?
General subdivision Criticism and interpretation.
651 #0 - SUBJECT ADDED ENTRY--GEOGRAPHIC NAME
Geographic name Scotland
General subdivision In literature.
9 (RLIN) 187864
830 ## - SERIES ADDED ENTRY--UNIFORM TITLE
Uniform title Twayne's English authors series ; TEAS 257
942 ## - ADDED ENTRY ELEMENTS (KOHA)
Source of classification or shelving scheme Dewey Decimal Classification
Koha item type Books
Holdings
Lost status Source of classification or shelving scheme Damaged status Not for loan Collection code Permanent Location Current Location Shelving location Date acquired Source of acquisition Total Checkouts Full call number Date last seen Copy number Koha item type
  Dewey Decimal Classification   Not For Loan Non-fiction Central Library, University of Rajshahi Central Library, University of Rajshahi Reading Room 30/11/1985 Asia foundation   821.2 REW 1979 28/01/2017 C-1 Books